000 00557nam a22001817a 4500
005 20251108171025.0
008 250721s9999 xx 000 0 ara d
082 1 4 _aط/212/شري
100 1 _aالراس، شريف
245 1 0 _aكلمة من القرآن الكريم رحمة :
_bللفتيان و الناشئين /
264 1 _aعمان :
_bدار عمار،
_c[19-].
300 _a30ج
650 1 7 _aالقرآن الكريم
650 1 7 _aالفاظ القرآن
650 1 7 _aمعاني و أحكام
942 _2ddc
_cBK
999 _c54629
_d54629